000 01319nam0a22003011 4500
001 rc\46889
005 20250620160801.0
035 _a(NLR Aleph) 005326963
090 _a6549720
_c6549720
100 _a20021216d1993 |||y0rusy50 ca
101 0 _arus
102 _aRU
105 _aa |||||||||
200 1 _aРазвитие перевозок негабаритных грузов большой массы
_fПод ред. акад. АТР С.М. Резера
210 _aМ.
_cВИНИТИ
_d1993
215 _a164 с.
_cил.
_d21
225 1 _aВзаимодействие разных видов транспорта и контейнерной перевозки
_fВсерос. ин-т науч. и техн. информ.
_vТ. 16
225 1 _aИтоги науки и техники
_iСерия
300 _aАвт. указан на 3 с.
300 _aВ надзаг. также: Рос. акад. наук. М-во науки, высш. шк. и техн. политики Рос. Федерации
300 _aНа обл. только загл. сер.
320 _aБиблиогр.: с. 152-163
700 1 _aДиамидов
_bА.С.
_gАнжел Самуилович
801 0 _aRU
_bNLR
_gpsbo
801 1 _aRU
_bELAR
_2rusmarc
852 _aNLR
_jП10/4716
942 _cBOOK
980 _aNB